MARC details
| 000 -LEADER |
| fixed length control field |
01549 a2200385 4500 |
| 001 - CONTROL NUMBER |
| control field |
200423196 |
| 003 - CONTROL NUMBER IDENTIFIER |
| control field |
TR-AnTOB |
| 005 - DATE AND TIME OF LATEST TRANSACTION |
| control field |
20260312111318.0 |
| 008 - FIXED-LENGTH DATA ELEMENTS--GENERAL INFORMATION |
| fixed length control field |
151119e2012 tu 001 0 |
| 020 ## - INTERNATIONAL STANDARD BOOK NUMBER |
| International Standard Book Number |
9789751625175 |
| 040 ## - CATALOGING SOURCE |
| Original cataloging agency |
TR-AnTOB |
| Language of cataloging |
eng |
| Description conventions |
rda |
| Transcribing agency |
TR-AnTOB |
| 041 ## - LANGUAGE CODE |
| Language code of text/sound track or separate title |
Türkçe |
| 050 #0 - LIBRARY OF CONGRESS CALL NUMBER |
| Classification number |
DT314 |
| Item number |
.C47 2012 |
| 090 ## - LOCALLY ASSIGNED LC-TYPE CALL NUMBER (OCLC); LOCAL CALL NUMBER (RLIN) |
| Classification number (OCLC) (R) ; Classification number, CALL (RLIN) (NR) |
DT314 .C47 2012 |
| 100 1# - MAIN ENTRY--PERSONAL NAME |
| Personal name |
Ceran, İsmail |
| 9 (RLIN) |
110020 |
| 245 10 - TITLE STATEMENT |
| Title |
Fas tarihi / |
| Statement of responsibility, etc. |
İsmail Ceran ; raportör Kazım Yaşar Kopraman. |
| 264 #1 - PRODUCTION, PUBLICATION, DISTRIBUTION, MANUFACTURE, AND COPYRIGHT NOTICE |
| Place of production, publication, distribution, manufacture |
Ankara : |
| Name of producer, publisher, distributor, manufacturer |
Türk Tarih Kurumu, |
| Date of production, publication, distribution, manufacture, or copyright notice |
2012. |
|
| Place of production, publication, distribution, manufacture |
©2012 |
| 300 ## - PHYSICAL DESCRIPTION |
| Extent |
xxii, 1034 pages : |
| Other physical details |
illustrations,maps ; |
| Dimensions |
24 cm . |
| 336 ## - CONTENT TYPE |
| Content type term |
text |
| Source |
rdacontent |
| Content type code |
txt |
| 337 ## - MEDIA TYPE |
| Media type term |
unmediated |
| Source |
rdamedia |
| Media type code |
n |
| 338 ## - CARRIER TYPE |
| Carrier type term |
volume |
| Source |
rdacarrier |
| Carrier type code |
nc |
| 490 0# - SERIES STATEMENT |
| Series statement |
Türk Tarih Kurumu Yayınları ; |
| Volume/sequential designation |
1 |
| 500 ## - GENERAL NOTE |
| General note |
"Donated by Halil İnalcık." |
| 504 ## - BIBLIOGRAPHY, ETC. NOTE |
| Bibliography, etc. note |
|
| 505 ## - FORMATTED CONTENTS NOTE |
| Formatted contents note |
Part I. İdrîsîler (788-985) Part II. Murâbıtlar (1056-1147) Part III. Muvahhidler (1130-1269) Part IV. Merînîler (1196-1465) Part V. Vattasîler (1472-1554) Part VI. Sa'dîler (1511-1659) Part VII. Filâlî Şerifleri (1631-1912) Part VIII. Himaye Dönemi (1912-1956) ve Bağımsızlık |
| 651 #0 - SUBJECT ADDED ENTRY--GEOGRAPHIC NAME |
| Geographic name |
Morocco |
| General subdivision |
Civilization |
| 9 (RLIN) |
110024 |
|
| Geographic name |
Morocco |
| General subdivision |
Politics and government |
| 9 (RLIN) |
110025 |
|
| Geographic name |
Fas |
| General subdivision |
Siyaset ve Yönetim |
| Source of heading or term |
etuturkob |
| 9 (RLIN) |
110026 |
|
| Geographic name |
Fas |
| General subdivision |
Tarih |
| Source of heading or term |
etuturkob |
| 9 (RLIN) |
144596 |
|
| Geographic name |
Fas |
| General subdivision |
Uygarlık |
| Source of heading or term |
etuturkob |
| 9 (RLIN) |
110022 |
| 700 1# - ADDED ENTRY--PERSONAL NAME |
| Personal name |
Kopraman, Kâzım Yaşar |
| 9 (RLIN) |
43235 |
| 942 ## - ADDED ENTRY ELEMENTS (KOHA) |
| Koha item type |
Book |
| Source of classification or shelving scheme |
Library of Congress Classification |